[Event "Weekend DLF A"]
[Site "Firenze ITA"]
[Date "2000.11.??"]
[Round "?"]
[White "Bini, Lorenzo"]
[Black "Corso, Roberto"]
[Result "0-1"]
[WhiteElo "2065"]
[BlackElo "1705"]
[PlyCount "92"]
[EventDate "2000.11.11"]

1. d3 d5 2. f4 Nf6 3. Nf3 Bf5 4. g3 e6 5. Bg2 Bc5 6. e3 Nbd7 7. Qe2 c6 8. Nbd2
Qa5 9. O-O Qa6 10. Nb3 Be7 11. Nbd4 Bg6 12. f5 exf5 13. Nh4 Bh5 14. Qf2 g6 15.
h3 c5 16. Ndf3 Bxf3 17. Qxf3 Qe6 18. Bh1 Ne5 19. Qg2 Nh5 20. Nf3 Rd8 21. e4
fxe4 22. dxe4 Nxf3+ 23. Qxf3 dxe4 24. Qf2 O-O 25. Bh6 Ng7 26. g4 f5 27. Qe2 c4
28. Be3 a6 29. Bg2 Bd6 30. Rad1 Rde8 31. Bd4 b5 32. Qd2 Be5 33. Bc5 Rf7 34. c3
Bc7 35. Qd5 Qxd5 36. Rxd5 f4 37. Re1 f3 38. Bf1 h5 39. b3 cxb3 40. axb3 hxg4
41. hxg4 Rf4 42. Bh3 Ne6 43. Be3 Rf7 44. g5 Nf4 45. Bxf4 Rxf4 46. Rd7 f2+ 0-1

[Event "Weekend DLF A"]
[Site "Firenze ITA"]
[Date "2000.11.??"]
[Round "?"]
[White "Frugoli, Francesco"]
[Black "Calugi, Francesco"]
[Result "1/2-1/2"]
[WhiteElo "1780"]
[BlackElo "1804"]
[PlyCount "78"]
[EventDate "2000.11.11"]

1. d4 Nf6 2. Nf3 g6 3. e3 Bg7 4. c4 O-O 5. Be2 c5 6. O-O d6 7. Nc3 Bf5 8. Nh4
Bd7 9. b3 cxd4 10. exd4 Nc6 11. Be3 e6 12. Nf3 Ne7 13. Qd2 Re8 14. Rad1 Nf5 15.
Bf4 Qb6 16. h3 a5 17. g4 Ne7 18. Ne1 Red8 19. Bf3 Rac8 20. Bh6 Nc6 21. Bxg7
Kxg7 22. Nc2 e5 23. d5 Nb8 24. Ne3 Na6 25. g5 Ng8 26. Bg4 Nc5 27. Bxd7 Rxd7 28.
Qe2 Qd8 29. Qg4 f5 30. gxf6+ Nxf6 31. Qh4 Rf7 32. f4 exf4 33. Qxf4 Qf8 34. Nb5
Nfe4 35. Qh2 Rd8 36. Rxf7+ Qxf7 37. Rf1 Qe7 38. Qb2+ Kg8 39. Kh2 Rf8 1/2-1/2

[Event "Weekend DLF A"]
[Site "Firenze ITA"]
[Date "2000.11.12"]
[Round "3"]
[White "Koroveshi, Thoma"]
[Black "Mattei, Marco"]
[Result "0-1"]
[WhiteElo "2041"]
[BlackElo "2044"]
[PlyCount "88"]
[EventDate "2000.11.11"]

1. d4 Nf6 2. c4 c5 3. d5 b5 4. a4 bxc4 5. Nc3 d6 6. e4 g6 7. Bxc4 Bg7 8. Nf3
O-O 9. O-O Bg4 10. h3 Bxf3 11. Qxf3 Nbd7 12. Qe2 Rb8 13. f4 Rb4 14. Rf3 Qb8 15.
a5 Kh8 16. b3 Nh5 17. g4 Nhf6 18. Bb2 Kg8 19. Na2 Rb7 20. e5 Ne8 21. Re1 Qc7
22. Bc3 Qb8 23. Nc1 Nc7 24. exd6 exd6 25. Bxg7 Kxg7 26. f5 Qd8 27. f6+ Kh8 28.
Qf2 Re8 29. Nd3 Rxe1+ 30. Qxe1 Rb8 31. g5 Nb5 32. Bxb5 Rxb5 33. Re3 Rb8 34. Re7
Kg8 35. Qh4 h5 36. gxh6 Nf8 37. Nf4 Nh7 38. Nxg6 Qxa5 39. Re1 Qc3 40. Ne7+ Kh8
41. Rf1 Rb4 42. Qe1 Qxe1 43. Rxe1 Nxf6 44. Rf1 Ng8 0-1

[Event "Weekend DLF A"]
[Site "Firenze ITA"]
[Date "2000.11.12"]
[Round "3"]
[White "Rinaldi, Francesco Saverio"]
[Black "Caponi, Saverio"]
[Result "1/2-1/2"]
[WhiteElo "1872"]
[BlackElo "1776"]
[PlyCount "50"]
[EventDate "2000.11.11"]

1. d4 Nf6 2. Nf3 d6 3. e3 g6 4. c4 Bg7 5. Nc3 Nbd7 6. Be2 O-O 7. O-O e5 8. b4
Re8 9. a4 Qe7 10. Qc2 e4 11. Nd2 Nf8 12. Nd5 Nxd5 13. cxd5 Bf5 14. Ra3 h5 15.
Rc3 Qg5 16. Rd1 h4 17. Rxc7 Bh3 18. g3 hxg3 19. hxg3 Bg4 20. Bxg4 Qxg4 21. Ba3
Nh7 22. Rc1 Ng5 23. Qd1 Nf3+ 24. Kg2 Nh4+ 25. Kh2 Nf3+ 1/2-1/2

[Event "Weekend DLF A"]
[Site "Firenze ITA"]
[Date "2000.11.12"]
[Round "4"]
[White "Franceschi, Riccardo"]
[Black "Corso, Roberto"]
[Result "1/2-1/2"]
[WhiteElo "1785"]
[BlackElo "1705"]
[PlyCount "44"]
[EventDate "2000.11.11"]

1. e4 c5 2. c3 d5 3. exd5 Qxd5 4. d4 cxd4 5. cxd4 Nc6 6. Nf3 e6 7. Nc3 Bb4 8.
Bd2 Bxc3 9. Bxc3 Nf6 10. Bd3 O-O 11. O-O Bd7 12. Ne5 Rad8 13. Ng4 Nxg4 14. Qxg4
e5 15. Qh4 f5 16. Rfd1 exd4 17. Bc2 Be6 18. Bb3 Qd7 19. Ba4 Qc7 20. Bxd4 Nxd4
21. Rxd4 Rxd4 22. Qxd4 a6 1/2-1/2

[Event "Weekend DLF A"]
[Site "Firenze ITA"]
[Date "2000.11.18"]
[Round "5"]
[White "Corso, Roberto"]
[Black "Mattei, Marco"]
[Result "0-1"]
[WhiteElo "1705"]
[BlackElo "2044"]
[PlyCount "64"]
[EventDate "2000.11.11"]

1. e4 d6 2. d4 Nf6 3. Nc3 g6 4. Be3 Bg7 5. Qd2 Ng4 6. Bg5 h6 7. Bh4 c6 8. f3
Nf6 9. Bf2 b5 10. O-O-O O-O 11. Be3 Qa5 12. Kb1 b4 13. Nce2 Kh7 14. g4 Bxg4 15.
fxg4 Nxg4 16. Nf3 Nd7 17. h3 Nxe3 18. Qxe3 c5 19. Nc1 cxd4 20. Nxd4 Ne5 21. h4
h5 22. Be2 Rac8 23. Ncb3 Qc7 24. Qg3 a5 25. Rdg1 a4 26. Bxh5 axb3 27. Bxg6+
fxg6 28. axb3 Qa7 29. h5 g5 30. Qxg5 Bh6 31. Qh4 Ra8 32. c3 bxc3 0-1

[Event "Weekend DLF A"]
[Site "Firenze ITA"]
[Date "2000.11.18"]
[Round "5"]
[White "Giorgetti, Alberto"]
[Black "Caponi, Saverio"]
[Result "1/2-1/2"]
[WhiteElo "2133"]
[BlackElo "1776"]
[PlyCount "46"]
[EventDate "2000.11.11"]

1. e4 c5 2. c3 Nf6 3. e5 Nd5 4. d4 cxd4 5. Nf3 Nc6 6. cxd4 d6 7. Bc4 e6 8. O-O
Be7 9. Re1 dxe5 10. Nxe5 Nxe5 11. dxe5 O-O 12. Qg4 Kh8 13. Nd2 f6 14. exf6 Rxf6
15. Ne4 Rg6 16. Qh5 Qf8 17. Bd3 Nf4 18. Bxf4 Qxf4 19. Ng5 Qxg5 20. Bxg6 Qxg6
21. Qxg6 hxg6 22. Rac1 Kg8 23. f4 Kf7 1/2-1/2

[Event "Weekend DLF A"]
[Site "Firenze ITA"]
[Date "2000.11.18"]
[Round "6"]
[White "Caponi, Saverio"]
[Black "Mattei, Marco"]
[Result "0-1"]
[WhiteElo "1776"]
[BlackElo "2044"]
[PlyCount "54"]
[EventDate "2000.11.11"]

1. e4 c5 2. Nf3 d6 3. d4 cxd4 4. Nxd4 Nf6 5. Nc3 g6 6. Be3 Bg7 7. f3 O-O 8. Qd2
Nc6 9. Bc4 Nxd4 10. Bxd4 Be6 11. Bb3 Qa5 12. O-O-O Rfc8 13. Kb1 b5 14. h4 b4
15. Ne2 Bxb3 16. cxb3 Rc6 17. g4 Ra6 18. Nc1 Rc8 19. g5 Nh5 20. Bxg7 Kxg7 21.
Rh2 Rac6 22. Qd4+ e5 23. Qe3 Qc7 24. Qd2 Nf4 25. a3 bxa3 26. bxa3 Rc3 27. Rf2
Rxc1+ 0-1

[Event "Weekend DLF A"]
[Site "Firenze ITA"]
[Date "2000.11.18"]
[Round "6"]
[White "Rinaldi, Francesco Saverio"]
[Black "Giorgetti, Alberto"]
[Result "0-1"]
[WhiteElo "1872"]
[BlackElo "2133"]
[PlyCount "116"]
[EventDate "2000.11.11"]

1. d4 d6 2. Nf3 Bg4 3. e3 Nd7 4. Be2 e5 5. c4 f5 6. Nc3 e4 7. Nd2 Bxe2 8. Qxe2
g6 9. O-O Bg7 10. f3 exf3 11. Nxf3 Nh6 12. e4 O-O 13. Bg5 Qe8 14. Rae1 Nf7 15.
Bh4 fxe4 16. Qxe4 Qxe4 17. Rxe4 Rfe8 18. Rfe1 Rxe4 19. Rxe4 Bf8 20. Re6 c6 21.
Nd2 Nh6 22. Nde4 Nf5 23. Bf2 Ng7 24. Rxd6 Bxd6 25. Nxd6 b6 26. d5 cxd5 27. cxd5
Nf6 28. Ndb5 Nf5 29. Nc7 Rc8 30. N7b5 Rd8 31. Nxa7 Nxd5 32. g4 Nfe3 33. Nc6 Rd6
34. Ne7+ Kf7 35. Nc8 Re6 36. h3 Nf4 37. Bxe3 Rxe3 38. Nxb6 Nd3 39. Nc4 Rxh3 40.
Kg2 Nf4+ 41. Kf2 h5 42. gxh5 gxh5 43. a4 h4 44. Ne4 Rb3 45. Nc5 Rb4 46. b3 Ne6
47. Ne5+ Kf6 48. Ned7+ Kf5 49. a5 Nxc5 50. Nxc5 Rb5 51. b4 Rxb4 52. a6 Rb2+ 53.
Kg1 Ra2 54. Kh1 Ra5 55. Nd3 Rxa6 56. Nf2 Ra2 57. Kg1 Kf4 58. Nh1 Kf3 0-1

[Event "Weekend DLF A"]
[Site "Firenze ITA"]
[Date "2000.11.19"]
[Round "7"]
[White "Franceschi, Riccardo"]
[Black "Caponi, Saverio"]
[Result "1/2-1/2"]
[WhiteElo "1785"]
[BlackElo "1776"]
[PlyCount "41"]
[EventDate "2000.11.11"]

1. d4 Nf6 2. Nf3 d6 3. c4 g6 4. g3 Bg7 5. Bg2 O-O 6. O-O Nbd7 7. Nc3 c6 8. e4
e5 9. Rb1 exd4 10. Nxd4 Qe7 11. b3 Nc5 12. f3 h5 13. Bg5 Ne6 14. Nxe6 Bxe6 15.
Qd2 Qd7 16. Rbd1 Nh7 17. Bf4 Rfd8 18. Bxd6 Qxd6 19. Qxd6 Rxd6 20. Rxd6 Bxc3 21.
Rfd1 1/2-1/2

[Event "Weekend DLF A"]
[Site "Firenze ITA"]
[Date "2000.11.19"]
[Round "7"]
[White "Koroveshi, Thoma"]
[Black "Giorgetti, Alberto"]
[Result "0-1"]
[WhiteElo "2041"]
[BlackElo "2133"]
[PlyCount "94"]
[EventDate "2000.11.11"]

1. d4 d6 2. c4 e5 3. Nf3 e4 4. Ng5 f5 5. Nc3 Be7 6. h4 Nf6 7. e3 c6 8. d5 Na6
9. b3 Ng4 10. f3 Bf6 11. fxg4 Bxc3+ 12. Bd2 Qf6 13. Rc1 Bxd2+ 14. Qxd2 h6 15.
Nh3 Qxh4+ 16. Nf2 Qf6 17. dxc6 bxc6 18. gxf5 Bxf5 19. g4 Bg6 20. Bg2 Qe5 21.
Rd1 Rd8 22. Qd4 Qxd4 23. Rxd4 c5 24. Rd2 O-O 25. Nxe4 Rde8 26. Nxd6 Rxe3+ 27.
Re2 Rc3 28. Bd5+ Kh7 29. Kd2 Rd3+ 30. Kc1 Nb4 31. Rd1 Rxd1+ 32. Kxd1 Rf1+ 33.
Kd2 Rf4 34. Ke3 Rxg4 35. Bf3 Rd4 36. Nb7 Rd3+ 37. Kf2 Rxf3+ 38. Kxf3 Bh5+ 39.
Ke3 Bxe2 40. Kxe2 Na6 41. Nd6 Nb8 42. Kf3 Kg6 43. Ke4 Kg5 44. Kd5 h5 45. Kxc5
h4 46. Kd5 h3 47. Ne4+ Kf4 0-1

[Event "Weekend DLF A"]
[Site "Firenze ITA"]
[Date "2000.11.19"]
[Round "8"]
[White "Mattei, Marco"]
[Black "Rinaldi, Francesco Saverio"]
[Result "1/2-1/2"]
[WhiteElo "2044"]
[BlackElo "1872"]
[PlyCount "105"]
[EventDate "2000.11.11"]

1. e4 c5 2. Nc3 e6 3. g3 d5 4. Bg2 d4 5. Nb1 Nf6 6. d3 Nc6 7. Nf3 Be7 8. O-O
O-O 9. Nbd2 Qc7 10. h3 e5 11. a4 a6 12. Nc4 Be6 13. Nh4 b5 14. Na3 Qb6 15. Nf5
Ne8 16. axb5 axb5 17. Nxe7+ Nxe7 18. Nc4 Qb7 19. Rxa8 Qxa8 20. Nxe5 f6 21. Nf3
Qc8 22. Kh2 Nc6 23. b3 Nc7 24. Bf4 Na6 25. e5 g5 26. Bd2 Bxh3 27. Bxh3 g4 28.
Bg2 gxf3 29. Bh3 Qe8 30. Qxf3 Nxe5 31. Qd5+ Kh8 32. f4 Qc6 33. Qe4 Qxe4 34.
dxe4 Nc6 35. Bd7 Nab8 36. Bf5 Re8 37. Ra1 Re7 38. Kg2 Ra7 39. Rxa7 Nxa7 40. c3
Nac6 41. Kf2 Kg7 42. Ke2 Na6 43. Be1 Nab8 44. Bc8 Kf7 45. Kd3 Ke7 46. g4 Kf7
47. Bf5 h6 48. Bc8 Kg6 49. Be6 dxc3 50. Bxc3 Na6 51. Bf5+ Kf7 52. Bd7 Nab8 53.
Bc8 1/2-1/2

[Event "XXXIV Olimpiadi (San Marino)"]
[Site "Istanbul TUR"]
[Date "2000.10.29"]
[Round "2.1"]
[White "Righi, Ezio"]
[Black "Camilleri, Henry"]
[Result "0-1"]
[WhiteElo "2118"]
[BlackElo "2156"]
[Annotator "SMR-MLT"]
[PlyCount "90"]
[EventDate "2000.10.28"]

1.d4 e6 2.Nf3 Nf6 3.Bg5 d5 4.e3 b6 5.Nbd2 Be7 6.Ne5 Nfd7 7.Bxe7 Qxe7 8.
Nxd7 Nxd7 9.Bd3 O-O 10.c3 e5 11.Qb3 c6 12.O-O-O a5 13.e4 a4 14.Qc2 Ba6 15.
exd5 Bxd3 16.Qxd3 cxd5 17.dxe5 Nxe5 18.Qe3 a3 19.b3 Qf6 20.Rhe1 Ng4 21.Qg3
Rfc8 22.Nb1 Nxf2 23.Rf1 Qh6+ 24.Kc2 Nxd1 25.Rxd1 Qe6 26.Rd4 Qf5+ 27.Qd3 
Qxd3+ 28.Rxd3 Rd8 29.b4 Ra7 30.Kb3 f6 31.Nxa3 Rda8 32.Nb5 Rxa2 33.Rxd5 
Rxg2 34.Rd6 Rb8 35.Kc4 Rxh2 36.Kd5 h5 37.Kc6 Re2 38.Kc7 Rbe8 39.Kc6 h4 40.
c4 Rc8+ 41.Nc7 Re7 42.Rd7 Rxc7+ 43.Kxc7 Rxd7+ 44.Kxd7 h3 45.c5 bxc5 0-1

[Event "XXXIV Olimpiadi (San Marino)"]
[Site "Istanbul TUR"]
[Date "2000.10.29"]
[Round "2.2"]
[White "Borg, Andrew"]
[Black "Volpinari, Danilo"]
[Result "1-0"]
[WhiteElo "2132"]
[BlackElo "2084"]
[Annotator "SMR-MLT"]
[PlyCount "47"]
[EventDate "2000.10.28"]

1.d4 d5 2.c4 e6 3.Nc3 c6 4.Nf3 dxc4 5.a4 Bb4 6.e3 b5 7.Bd2 a5 8.axb5 Bxc3 
9.Bxc3 cxb5 10.b3 Bb7 11.d5 Nf6 12.bxc4 b4 13.Bxf6 Qxf6 14.Qa4+ Nd7 15.Nd4
e5 16.Nb3 Ke7 17.Be2 Rhb8 18.Rd1 Qd6 19.O-O Nc5 20.Nxc5 Qxc5 21.Qc2 g6 22.
Qe4 Kd6 23.f4 Re8 24.fxe5+ 1-0

[Event "XXXIV Olimpiadi (San Marino)"]
[Site "Istanbul TUR"]
[Date "2000.10.29"]
[Round "2.3"]
[White "Renzi, Nicola"]
[Black "Cilia Vincenti, Victor"]
[Result "1/2-1/2"]
[WhiteElo "1761"]
[BlackElo "2215"]
[Annotator "SMR-MLT"]
[PlyCount "34"]
[EventDate "2000.10.28"]

1.d4 Nf6 2.Nf3 d5 3.Bf4 e6 4.e3 Bd6 5.Nbd2 O-O 6.Bd3 b6 7.Ne5 Bb7 8.Qf3 c5
9.c3 Nc6 10.Qh3 Ne7 11.Ng4 Ng6 12.Nxf6+ gxf6 13.Qh6 cxd4 14.cxd4 Bxf4 15.
exf4 Qd6 16.Bxg6 fxg6 17.O-O e5 1/2-1/2

[Event "XXXIV Olimpiadi (San Marino)"]
[Site "Istanbul TUR"]
[Date "2000.11.05"]
[Round "8.3"]
[White "Farleigh, Richard"]
[Black "Renzi, Nicola"]
[Result "0-1"]
[WhiteElo "2199"]
[BlackElo "1761"]
[Annotator "SMR-MON"]
[PlyCount "158"]
[EventDate "2000.10.28"]

1.g3 e5 2.c4 g6 3.Bg2 Bg7 4.Nc3 d6 5.e3 Nc6 6.Nge2 f5 7.O-O Nf6 8.Rb1 a5 
9.a3 O-O 10.b4 Nh5 11.b5 Ne7 12.f4 Nf6 13.Bb2 Rb8 14.Qa4 b6 15.Nd5 e4 16.
Nxf6+ Bxf6 17.Nd4 Qd7 18.Qb3 Bb7 19.Rfc1 Kh8 20.c5 Bd5 21.c6 Qe8 22.Qc2 
Bg8 23.g4 fxg4 24.Bxe4 d5 25.Bd3 Nc8 26.f5 g5 27.Rf1 Nd6 28.Rf2 Ne4 29.
Bxe4 Qxe4 30.Qxe4 dxe4 31.Bc3 h5 32.Rbf1 Bc4 33.Rc1 Bd5 34.Ba1 Kg7 35.Kf1 
Kh6 36.Ke2 h4 37.Rg1 Kh5 38.Rfg2 Bxd4 39.Bxd4 Bc4+ 40.Ke1 Rxf5 41.Rxg4 Bd3
42.Bf6 Rf1+ 43.Rxf1 Kxg4 44.Rg1+ Kf5 45.Be7 Rg8 46.a4 Bc2 47.Kf2 Bxa4 48.
Rb1 Ke6 49.Ba3 g4 50.Kg2 Rg5 51.Rf1 Bxb5 52.Rf8 Bxc6 53.Rh8 h3+ 54.Kg3 Rg6
55.Rh7 b5 56.Rxc7 Kd5 57.Ra7 Kc4 58.Rxa5 b4 59.Bb2 Kd3 60.Ra6 Kc2 61.Bd4 
b3 62.Bc3 Be8 63.Ra8 Bf7 64.Rb8 Rc6 65.Bd4 Be6 66.Kf4 Kxd2 67.Kxe4 Rc8 68.
Rb6 g3 69.Rd6 Kc2 70.Ra6 gxh2 71.Ra1 b2 72.Bxb2 Kxb2 73.Rh1 Rc2 74.Kf3 Kc3
75.Ke4 Bc8 76.Kf4 Kd3 77.Rd1+ Rd2 78.Re1 Bb7 79.e4 Bxe4 0-1

[Event "XXXIV Olimpiadi (San Marino)"]
[Site "Istanbul TUR"]
[Date "2000.11.06"]
[Round "9.2"]
[White "Kayle, Charles"]
[Black "Volpinari, Danilo"]
[Result "0-1"]
[WhiteElo "2070"]
[BlackElo "2084"]
[Annotator "SMR-PLE"]
[PlyCount "58"]
[EventDate "2000.10.28"]

1.d4 d5 2.c4 c6 3.cxd5 cxd5 4.Nc3 e5 5.dxe5 d4 6.Ne4 Qa5+ 7.Bd2 Qxe5 8.Ng3
Nc6 9.Nf3 Qe6 10.Qb3 Qxb3 11.axb3 Bg4 12.O-O-O Nf6 13.e3 O-O-O 14.h3 Bxf3 
15.gxf3 Bc5 16.Kb1 dxe3 17.fxe3 Bxe3 18.Kc1 Rxd2 19.Rxd2 Rd8 20.Rh2 Nd4 
21.Kd1 Bxd2 22.Rxd2 Nxf3 23.Rxd8+ Kxd8 24.Nf5 g6 25.Nd6 Ke7 26.Nxb7 Nd4 
27.Nc5 Kd6 28.b4 Nd5 29.Ba6 Nxb4 0-1

[Event "XXXIV Olimpiadi femminile"]
[Site "Istanbul TUR"]
[Date "2000.10.28"]
[Round "1.1"]
[White "Hernandez Estevez, Yudania"]
[Black "Agosto, Erika"]
[Result "1-0"]
[WhiteElo "2332"]
[BlackElo "2036"]
[Annotator "ITA-ESP"]
[PlyCount "71"]
[EventDate "2000.10.28"]

1.e4 e5 2.Nf3 Nc6 3.Bb5 a6 4.Ba4 Nf6 5.d3 b5 6.Bb3 Be7 7.O-O d6 8.c3 O-O 
9.a4 Bg4 10.Nbd2 b4 11.h3 Bd7 12.a5 Rb8 13.Nc4 h6 14.Re1 bxc3 15.bxc3 Na7 
16.Be3 Nb5 17.Qc2 Bc6 18.Ncd2 Nd7 19.c4 Nd4 20.Nxd4 exd4 21.Bxd4 Bf6 22.
Qc3 Bxd4 23.Qxd4 Nc5 24.Bd1 Qg5 25.Nf3 Qg6 26.Nh4 Qg5 27.Nf5 Ne6 28.Qe3 
Qf6 29.Bg4 Rb3 30.Rab1 Rfb8 31.Rxb3 Rxb3 32.Qa7 h5 33.Be2 g6 34.Ne3 Nd4 
35.Bf1 Qg5 36.Qxd4 1-0

[Event "XXXIV Olimpiadi femminile"]
[Site "Istanbul TUR"]
[Date "2000.10.29"]
[Round "2.3"]
[White "Arnetta, Maria Teresa"]
[Black "Maggiolo, Elisa"]
[Result "0-1"]
[WhiteElo "1831"]
[BlackElo "2115"]
[Annotator "ITA-ARG"]
[PlyCount "120"]
[EventDate "2000.10.28"]

1.e4 c5 2.c3 d5 3.exd5 Qxd5 4.d4 Nc6 5.Nf3 e6 6.Be2 Nf6 7.O-O Be7 8.Na3 
cxd4 9.Nb5 Qd8 10.Nbxd4 O-O 11.Nxc6 bxc6 12.Qc2 Qc7 13.Bg5 Bb7 14.Bh4 c5 
15.Nd2 Rad8 16.Bf3 Ba6 17.Rfe1 Qf4 18.Bxf6 Rxd2 19.Be5 Rxc2 20.Bxf4 Rxb2 
21.Red1 Rd8 22.Rxd8+ Bxd8 23.a4 Bf6 24.Rc1 Rb3 25.Bd6 c4 26.Bb4 Rb2 27.Kf1
g6 28.Bc5 Rb3 29.Bb4 Bg5 30.Rc2 Rb1+ 31.Ke2 Ra1 32.Bc6 e5 33.Bc5 Bc8 34.
Bxa7 Bf5 35.Rb2 Rc1 36.Be3 Bxe3 37.Kxe3 Rxc3+ 38.Ke2 Ra3 39.Rd2 c3 40.Rd1 
c2 41.Rc1 Kf8 42.f3 g5 43.Bb5 Ke7 44.a5 Rxa5 45.Bd3 Bxd3+ 46.Kxd3 Rc5 47.
Rxc2 Rxc2 48.Kxc2 f5 49.Kd3 Ke6 50.Ke3 Kd5 51.Kd3 e4+ 52.fxe4+ fxe4+ 53.
Ke3 h5 54.g3 g4 55.Ke2 Kd4 56.Kd2 e3+ 57.Ke2 Ke4 58.Ke1 Kf3 59.Kf1 e2+ 60.
Ke1 Ke3 0-1

[Event "XXXIV Olimpiadi femminile"]
[Site "Istanbul TUR"]
[Date "2000.10.31"]
[Round "4.3"]
[White "Martinez Porras, Ingrid Lorena"]
[Black "Arnetta, Maria Teresa"]
[Result "0-1"]
[WhiteElo "2104"]
[BlackElo "1831"]
[Annotator "ITA-GUA"]
[PlyCount "52"]
[EventDate "2000.10.28"]

1.Nf3 e6 2.g3 Nf6 3.Bg2 d5 4.d4 c5 5.c4 dxc4 6.Qa4+ Bd7 7.Qxc4 Bc6 8.dxc5 
Qd5 9.Qc2 Qxc5 10.Qxc5 Bxc5 11.O-O Nbd7 12.Nbd2 Rc8 13.Nb3 Bb6 14.Bf4 Ng4 
15.h3 Nxf2 16.Rxf2 Bxf2+ 17.Kxf2 O-O 18.Bd6 Rfd8 19.Ne5 Bxg2 20.Kxg2 Rc2 
21.Nxd7 Rxd7 22.Ba3 Rxe2+ 23.Kf3 Rh2 24.Rc1 h6 25.h4 Rd3+ 26.Ke4 Rxg3 0-1

[Event "XXXIV Olimpiadi femminile"]
[Site "Istanbul TUR"]
[Date "2000.11.04"]
[Round "7.3"]
[White "Arnetta, Maria Teresa"]
[Black "Chaves, Joara"]
[Result "1-0"]
[WhiteElo "1831"]
[BlackElo "2057"]
[Annotator "ITA-BRA"]
[PlyCount "51"]
[EventDate "2000.10.28"]

1.e4 e5 2.Nf3 Nc6 3.Bc4 Bc5 4.c3 Nf6 5.d3 d6 6.Nbd2 h6 7.Nf1 Ne7 8.Ne3 c6 
9.Bb3 Qc7 10.O-O Be6 11.Bxe6 fxe6 12.d4 exd4 13.cxd4 Bb6 14.e5 dxe5 15.
dxe5 Rd8 16.Qa4 Nfd5 17.Qg4 Nxe3 18.Bxe3 Bxe3 19.fxe3 Qb6 20.Nd4 Rxd4 21.
exd4 Nf5 22.Qg6+ Ke7 23.Rxf5 exf5 24.Qxg7+ Ke6 25.Qxh8 Qxd4+ 26.Kh1 1-0

[Event "XXXIV Olimpiadi femminile"]
[Site "Istanbul TUR"]
[Date "2000.11.12"]
[Round "14.2"]
[White "Sirletti, Sonia"]
[Black "Steffensen, Elena"]
[Result "0-1"]
[WhiteElo "1834"]
[BlackElo "2068"]
[Annotator "ITA-DEN"]
[PlyCount "90"]
[EventDate "2000.10.28"]

1.d4 d5 2.c4 c6 3.Nf3 Nf6 4.Nc3 dxc4 5.a4 Bf5 6.e3 Bd3 7.Bxd3 cxd3 8.Qxd3 
e6 9.O-O Be7 10.Rd1 O-O 11.e4 Nbd7 12.e5 Nd5 13.Qe4 Kh8 14.Qg4 c5 15.Ne4 
cxd4 16.Neg5 h6 17.Ne4 Qc7 18.Qh5 Qc2 19.Rxd4 Nc5 20.Bxh6 Nxe4 21.Bxg7+ 
Kxg7 22.Qg4+ Ng5 23.Nxg5 Qg6 24.Nf3 Rg8 25.h4 Qxg4 26.Rxg4+ Kh6 27.Rxg8 
Rxg8 28.Kh2 Rc8 29.Rb1 Rc2 30.Kg3 Bc5 31.Rf1 Rxb2 32.Ng5 Kg6 33.Ne4 Bd4 
34.f4 Ne3 35.h5+ Kh6 36.Re1 Nf5+ 37.Kh3 Rb3+ 38.g3 Nxg3 39.Nxg3 Bf2 40.Rd1
Rxg3+ 41.Kh2 Rg7 42.Rd7 Kxh5 43.Rxb7 Kg4 44.Kg2 Be3 45.Kf1 Kf3 0-1

[Event "XXXIV Olimpiadi femminile"]
[Site "Istanbul TUR"]
[Date "2000.11.12"]
[Round "14.3"]
[White "Jensen, Christine"]
[Black "Arnetta, Maria Teresa"]
[Result "0-1"]
[WhiteElo "2030"]
[BlackElo "1831"]
[Annotator "ITA-DEN"]
[PlyCount "95"]
[EventDate "2000.10.28"]

1.d4 Nf6 2.c4 e6 3.Nf3 Bb4+ 4.Bd2 Qe7 5.Nc3 b6 6.e3 Bb7 7.Bd3 O-O 8.O-O d6
9.Re1 e5 10.e4 c5 11.dxe5 dxe5 12.Nd5 Qd6 13.Bxb4 cxb4 14.Qd2 a5 15.Qg5 
Nbd7 16.Re3 Rfe8 17.Nh4 Nxd5 18.exd5 Qf6 19.Qf5 Qxf5 20.Nxf5 Ba6 21.Nd6 
Re7 22.Rae1 g6 23.f4 f6 24.b3 Rd8 25.fxe5 Nxe5 26.Ne4 Kg7 27.Bc2 Bc8 28.
Nf2 Rde8 29.Kf1 Kf7 30.Nd3 Nxd3 31.Rxe7+ Rxe7 32.Rxe7+ Kxe7 33.Bxd3 Kd6 
34.Ke2 Bd7 35.Ke3 Ke5 36.h4 f5 37.g3 h6 38.Be2 g5 39.hxg5 hxg5 40.Bd1 b5 
41.Bf3 bxc4 42.bxc4 a4 43.Kd3 f4 44.gxf4+ Kxf4 45.Bh1 Bf5+ 46.Kd4 a3 47.d6
b3 48.Be4 0-1

[Event "XI C.to NATO"]
[Site "Leopoldsburg BEL"]
[Date "2000.10.23"]
[Round "1"]
[White "Crapulli, Giuseppe"]
[Black "Sirch, Franz"]
[Result "1/2-1/2"]
[WhiteElo "1885"]
[BlackElo "2215"]
[PlyCount "92"]
[EventDate "2000.10.23"]

1. Nf3 Nf6 2. g3 g6 3. b3 Bg7 4. Bb2 d6 5. d4 O-O 6. Bg2 c6 7. O-O Qa5 8. c4
Qh5 9. Nc3 Bh3 10. e4 Nbd7 11. Re1 Ng4 12. Qd3 e5 13. d5 Nc5 14. Qf1 Bxg2 15.
Qxg2 Nd3 16. Re2 f5 17. Ba3 c5 18. Ne1 fxe4 19. Nxe4 Nxh2 20. Nxd3 Qxe2 21.
Kxh2 Qxd3 22. Nxd6 e4 23. Rc1 e3 24. f4 b6 25. Qc2 Qxc2+ 26. Rxc2 Rad8 27. Nb5
Rfe8 28. Re2 Rd7 29. Bc1 a6 30. Na3 b5 31. cxb5 Rxd5 32. bxa6 Bd4 33. Nb5 Rd7
34. a7 c4 35. Nxd4 Rxd4 36. Rxe3 Ra8 37. Re7 c3 38. Rc7 Rdd8 39. Rxc3 Rxa7 40.
a4 Rd1 41. Be3 Ra8 42. Kg2 Rb1 43. Bb6 Kf7 44. a5 Ke6 45. Rd3 Kf5 46. Kf3 Rf1+
1/2-1/2

[Event "XI C.to NATO"]
[Site "Leopoldsburg BEL"]
[Date "2000.10.23"]
[Round "1"]
[White "Nielsen, Henrik Lindholt"]
[Black "Tarantino, Silvio"]
[Result "1/2-1/2"]
[WhiteElo "2024"]
[BlackElo "1758"]
[PlyCount "82"]
[EventDate "2000.10.23"]

1. d4 Nf6 2. Nf3 e6 3. Bf4 c5 4. e3 Qb6 5. Nc3 cxd4 6. exd4 a6 7. a3 d6 8. Be2
Be7 9. O-O O-O 10. Qd3 Nbd7 11. Rfe1 Qc7 12. Ng5 b5 13. Qh3 Re8 14. Bd3 Nf8 15.
Qe3 Bb7 16. Qh3 Bc8 17. Qg3 Bb7 18. Nce4 Rad8 19. Rac1 h6 20. Nxf6+ Bxf6 21.
Ne4 Bxe4 22. Rxe4 Kh8 23. Qh3 Ng6 24. Bd2 Kh7 25. Rg4 e5 26. Qh5 e4 27. Rxe4
Rxe4 28. Bxe4 Bxd4 29. c3 Bf6 30. Re1 d5 31. Bb1 d4 32. cxd4 Bxd4 33. Bc1 Rc8
34. Qd1 Rd8 35. Qe2 Qb6 36. h4 Kg8 37. h5 Nf8 38. b4 Nd7 39. Bb2 Bxb2 40. Qxb2
Nf6 41. Qe2 Qc6 1/2-1/2

[Event "XI C.to NATO"]
[Site "Leopoldsburg BEL"]
[Date "2000.10.24"]
[Round "2"]
[White "Benedetti, Fabrizio"]
[Black "Nielsen, Jan Mose"]
[Result "1-0"]
[WhiteElo "2238"]
[BlackElo "2030"]
[PlyCount "79"]
[EventDate "2000.10.23"]

1. e4 c5 2. Nf3 Nc6 3. d4 cxd4 4. Nxd4 e5 5. Nb5 a6 6. N5c3 Bc5 7. Bc4 d6 8.
O-O Nf6 9. Bg5 Be6 10. Nd2 Qd7 11. Nd5 Bxd5 12. exd5 Ne7 13. Bxf6 gxf6 14. Ne4
O-O-O 15. Nxf6 Qf5 16. Qg4 Qxg4 17. Nxg4 f5 18. Ne3 f4 19. Nd1 Rhg8 20. Rb1 Rg5
21. Kh1 Rdg8 22. b4 Ba7 23. g3 Nf5 24. Bd3 fxg3 25. fxg3 Ne7 26. c4 h5 27. Nf2
R5g7 28. Ne4 Kc7 29. Rf3 Bd4 30. Rbf1 h4 31. Rf7 hxg3 32. hxg3 b6 33. R1f6 Rh8+
34. Kg2 Rxf7 35. Rxf7 Kd7 36. Nf6+ Kd8 37. Ne4 Kd7 38. Be2 Rh6 39. Bg4+ Kd8 40.
Be6 1-0

[Event "XI C.to NATO"]
[Site "Leopoldsburg BEL"]
[Date "2000.10.24"]
[Round "2"]
[White "Falbo, Sandro"]
[Black "Helbig, Mark"]
[Result "0-1"]
[WhiteElo "2078"]
[BlackElo "2235"]
[PlyCount "76"]
[EventDate "2000.10.23"]

1. e4 g6 2. d4 Bg7 3. Nf3 d6 4. Be2 Nf6 5. Nc3 O-O 6. O-O c6 7. a4 a5 8. h3 Qc7
9. Be3 Nbd7 10. Qd2 b6 11. Bh6 Bb7 12. Rfe1 Rad8 13. Rad1 Rfe8 14. Bxg7 Kxg7
15. Qf4 e5 16. dxe5 dxe5 17. Qh4 Nc5 18. Bc4 h6 19. Rxd8 Qxd8 20. Bxf7 g5 21.
Qg3 Kxf7 22. Nxe5+ Kg7 23. Nc4 Ncxe4 24. Nxe4 Nxe4 25. Rxe4 Rxe4 26. Nd6 Re1+
27. Kh2 Qf6 28. Nxb7 Qe5 29. Nd6 Qxg3+ 30. Kxg3 Re2 31. Nf5+ Kg6 32. Ne3 Rd2
33. f4 b5 34. f5+ Kf6 35. Kf3 Rd4 36. axb5 cxb5 37. c3 Rd2 38. b3 a4 0-1